Die teuersten Fußballtransfers - Rechter Verteidiger - Statistiken

Allgemein
  • Dieses Quiz wurde 69 mal gespielt
  • Das Durchschnittsergebnis liegt bei 8 aus 10
Antwortstatistiken
Ablöse (M €) Saison Nationalität Abgebender Verein Aufnehmender Verein Spieler % Korrekt
68,00 2021-2022 Marokko Inter Mailand Paris SG Achraf Hakimi
100%
43,00 2020-2021 Marokko Real Madrid Inter Mailand Achraf Hakimi
100%
65,00 2019-2020 Portugal Juventus Turin Manchester City João Cancelo
95%
40,40 2018-2019 Portugal FC Valencia Juventus Turin João Cancelo
95%
52,70 2017-2018 England Tottenham Manchester City Kyle Walker
90%
58,50 2021-2022 England Brighton FC Arsenal Ben White
87%
40,00 2023-2024 Spanien Sporting Tottenham Pedro Porro
75%
55,00 2019-2020 England Crystal Palace Manchester United Aaron Wan-Bissaka
73%
35,70 2017-2018 Portugal Benfica FC Barcelona Nélson Semedo
57%
37,20 2023-2024 England Southampton Newcastle United Tino Livramento
25%
Keine übereinstimmenden Quizze gefunden
Verteilung der Resultate
Anzahl Personen mit jedem Resultat
Perzentil nach korrekt beantworteten Fragen
Ihre Resultats-Entwicklung
Sie haben dieses Quiz noch nicht gespielt